header

African, Native, and Jewish American literature and the reshaping of Modernism (Record no. 221269)

MARC details
000 -LEADER
fixed length control field 01867nam a2200373 a 4500
082 04 - DEWEY DECIMAL CLASSIFICATION NUMBER
Classification number 810.9/005
100 1# - MAIN ENTRY--AUTHOR NAME
Personal name Kent, Alicia A.
245 10 - TITLE STATEMENT
Title African, Native, and Jewish American literature and the reshaping of Modernism
260 ## - PUBLICATION, DISTRIBUTION, ETC. (IMPRINT)
Place of publication New York :
Name of publisher Palgrave Macmillan,
Year of publication 2007.
300 ## - PHYSICAL DESCRIPTION
Number of Pages x, 230 p. :
Other physical details ill.
505 0# - FORMATTED CONTENTS NOTE
Formatted contents note Introduction -- African Americans: moving from caricatures to creators, Charles Chesnutt and Zora Neale Hurston -- Native Americans: moving from Primitive to Postmodern, Mourning Dove and D'Arcy McNickle -- Jewish Americans: moving from exile to authorship, Abraham Cahan and Anzia Yezierska.
650 #0 - SUBJECT ADDED ENTRY--TOPICAL TERM
Topical Term American literature
Topical Term Modernism (Literature)
Topical Term American literature
Topical Term American literature
Topical Term American literature
856 40 - ELECTRONIC LOCATION AND ACCESS
Uniform Resource Identifier http://site.ebrary.com/lib/rucke/Doc?id=10194108

No items available.

© 2026 Rongo University
Contact us: librarian | system librarian | Rongo university